Good boss, bad boss : how to be the best...and learn from the worse

Bibliographic Details
Main Author: I.Sutton, Robert
Format: Book
Published: New York : Business Plus , 2010
Series:Supervision of employees
Subjects:

MARC

LEADER 00000cam a2200000 7i4500
001 0000004120
005 20180330.0
020 0 0 |a 9780446556071 
090 0 0 |a 658.409   |b BOSS 2010 
100 0 1 |a I.Sutton, Robert 
245 1 0 |a Good boss, bad boss :   |b how to be the best...and learn from the worse   |c Robert I.Sutton 
260 0 0 |a New York :   |b Business Plus ,   |c 2010 
300 |a 326 p.. ;   |c 21 cm. 
440 0 0 |a Supervision of employees 
650 0 0 |a Managing your boss 
998 |a JPSM 
999 |a 007989   |b Monograph   |c Open Shelf   |e Default branch